| 000 | 01111nam0a22002891 4500 | ||
|---|---|---|---|
| 001 | rc\4360096 | ||
| 005 | 20130416141019.1 | ||
| 021 |
_aRU _bРг3917-62 |
||
| 035 | _a(NLR Aleph) 008282388 | ||
| 090 |
_a8524620 _c8524620 |
||
| 100 | _a20130416d1962 |||y0rusy50 ca | ||
| 101 | 0 | _arus | |
| 102 | _aRU | ||
| 105 | _ay z ||||| | ||
| 200 | 1 |
_aА.И. Герцен _eК 150-летию со дня рождения. (1812-6/IV-1962) _e[Метод. материалы _fБ-ка № 1 им. А.И. Герцена |
|
| 210 |
_aМосква _cБ. и. _d1962] |
||
| 215 |
_a7 с. _d20 |
||
| 300 | _aВ конце текста сост.: А.М. Войник и Г.А. Романова | ||
| 702 | 1 |
_aРоманова _bГ. А. _4220 |
|
| 702 | 1 |
_aГерцен _bА. И. _f1812-1870 _gАлександр Иванович _3RU\NLR\AUTH\773922 _4570 |
|
| 702 | 1 |
_aВойник _bА. М. _gАнна Мартыновна _4220 |
|
| 712 | 0 | 2 | _aБиблиотека им. А.И. Герцена (1; Москва) |
| 801 | 0 |
_aRU _bNLR _gpsbo |
|
| 801 | 1 |
_aRU _bELAR _2rusmarc |
|
| 852 |
_aNLR _jБ 8255/Г-411 |
||
| 942 | _cBOOK | ||
| 980 | _aNB | ||